| Tag |
First Indicator |
Second Indicator |
Subfields |
| LEADER |
00000cam a2200000 4500 |
| 001 |
in00000031612 |
| 005 |
20151007061737.0 |
| 008 |
720825s1959 nyu 00001 eng u |
| 010 |
|
|
|a 59010617
|
| 035 |
|
|
|a (OCoLC)00391898
|
| 035 |
|
|
|9 AAD2930AM
|
| 040 |
|
|
|c BLC
|d TXA
|d UtOrBLW
|
| 049 |
|
|
|a TXAM
|c [309939]
|
| 050 |
|
0 |
|a PZ3.R7386
|b Re
|
| 090 |
|
|
|a PS3535.O7577
|b R37 1959
|
| 092 |
|
|
|a 813
|b R839r
|
| 100 |
1 |
|
|a Rosten, Leo,
|d 1908-1997.
|
| 245 |
1 |
4 |
|a The return of H*y*m*a*n K*a*p*l*a*n /
|c by Leo Rosten.
|
| 250 |
|
|
|a 1st ed.
|
| 264 |
|
1 |
|a New York :
|b Harper,
|c [1959]
|
| 264 |
|
4 |
|c ©1959
|
| 300 |
|
|
|a 192 pages ;
|c 22 cm.
|
| 336 |
|
|
|a text
|b txt
|2 rdacontent
|
| 337 |
|
|
|a unmediated
|b n
|2 rdamedia
|
| 338 |
|
|
|a volume
|b nc
|2 rdacarrier
|
| 999 |
|
|
|a MARS
|
| 999 |
f |
f |
|s 4f6a4b82-fe27-3ca4-b4fe-017c604c156e
|i 7ce31a8e-17b5-3fbf-865c-0199e33f4abd
|t 0
|
| 952 |
f |
f |
|p ric
|a Texas A&M University
|b Rellis Campus
|c Joint Library Facility
|d Remote Storage
|t 0
|e PS3535.O7577 R37 1959
|h Library of Congress classification
|i unmediated -- volume
|m A14801249298
|
| 998 |
f |
f |
|a PS3535.O7577 R37 1959
|t 0
|l Remote Storage
|